Sistema de contabilidad económica / Dhima E. Santos Cruz (Registro nro. 7624)

Detalles MARC
000 -LEADER
fixed length control field 00428nam a22001691a 4500
001 - CONTROL NUMBER
control field 7624
003 - CONTROL NUMBER IDENTIFIER
control field OSt
005 - DATE AND TIME OF LATEST TRANSACTION
control field 20260204212138.0
008 - FIXED-LENGTH DATA ELEMENTS--GENERAL INFORMATION
fixed length control field 080613s19.?||||xx ||||||b||||||||||S.N||
050 ## - LIBRARY OF CONGRESS CALL NUMBER
Classification number 657.8 S59s
100 ## - ASIENTO PRINCIPAL -- NOMBRE PERSONAL
Personal name Santos Crúz, Dhima E.
245 ## - TÍTULO PROPIAMENTE DICHO: SUBTÍTULO
Title Sistema de contabilidad económica / Dhima E. Santos Cruz
264 ## - PRODUCTION, PUBLICATION, DISTRIBUTION, MANUFACTURE, AND COPYRIGHT NOTICE
Place of production, publication, distribution, manufacture [s.l.] : [s.n.]
300 ## - PHYSICAL DESCRIPTION
Extensión 97 p
650 ## - ASIENTO SECUNDARIO DE MATERIA -- TERMINO TEMÁTICO
Termino Temático Como Elemento de Entrada Contabilidad - EconomíaÌ
942 ## - ADDED ENTRY ELEMENTS (KOHA)
Source of classification or shelving scheme Dewey Decimal Classification
Koha item type Libros
Existencias
Withdrawn status Lost status Source of classification or shelving scheme Damaged status Not for loan Current library Date acquired Full call number Barcode Date last seen Price effective from Koha item type
    Dewey Decimal Classification Dañado   Biblioteca UTECO 09/09/2019 657.8 S59S 014093 09/09/2019 09/09/2019 Libros
© 2021 Derechos Reservados UTECO - Teléfono: +1 809-585-2291 - Correo electrónico: biblioteca@uteco.edu.do​  
Código postal 43000 ​​
Dirección: Avenida Universitaria No. 100, 
Cotuí, Provincia Sánchez Ramírez, República Dominicana - RNC: 404-00059-6